000 00554nam a2200169Ia 4500
008 240729s9999 xx 000 0 und d
022 _a2722-4066
245 0 _aInternational Journal on Food, Agriculture and Natural Resources
260 _aIndonesia
260 _bFood, Agriculture, and Natural Resources (FANRes) - Networks
650 _a Home economics
650 _a Nutrition. Foods and food supply
650 _aAgriculture | Technology
856 _uhttps://doaj.org/toc/22ec0d93f72143d8b579957a4fb24049
942 _2ddc
942 _cDOAJEJ
999 _c66609
_d66609
945 _a1
_bMadushi Gamage
_c1
_dMadushi Gamage